000 00410nam a2200157 i 4500
001 bgj
100 1 _aFISHER, Roy
_d(1930- )
245 1 0 _aThe Thing about Joe Sullivan :
_bpoems 1971-1977 /
_cRoy Fisher.
260 _aManchester :
_bCarcaner,
_c1978.
300 _a85 pp ;
_c20 cm.
650 9 _aEnglish poetry
040 _cBPK
041 0 _aeng
942 _cKS
008 s uk f |000 0 eng
999 _c47516
_d47516
856 _uhttp://koha.tu.koszalin.pl/cgi-bin/koha/opac-detail.pl?biblionumber=47516
_yKatalog online BPK